Statistics for Portugal by Picture

Click here to take the quiz!

General Stats

  • This quiz has been taken 176 times
  • The average score is 13 of 18

Answer Stats

Answer% Correct
Lisbon
97%
Christiano Ronaldo
96%
Azores
94%
Porto
89%
Algarve
86%
Macau
83%
Vasco da Gama
82%
Belém Tower
74%
Escudo
71%
Bacalhau
70%
Cork
68%
Fado
68%
Pastel de Nata
68%
Tagus
68%
Rooster of {Barcelos}
56%
António Guterres
55%
José Saramago
50%
Peneda-Gerês
49%

Score Distribution

Percentile by Number Answered

Percent of People with Each Score

Your Score History

You have not taken this quiz